Score 0/28 Timer 07:00
2 Plays Today
Clue ? of ? % Correct
Young girl who received divine inspiration to lead the French army in battle; later burned at the stakeJoan of Arc
94%
A gift to the U.S. from France, this sculpture stands in New York HarborStatue of Liberty
88.1%
Mary Poppins says that it will help the medicine go down, as adding a bit of pleasantness to any distasteful task makes it betterspoonful of sugar
87.4%
Dorothy Gale and her companions traveled to the Emerald City to see this ruler, hopeful that he would solve their problemsWizard of Oz
86.7%
Idiom describing a source of unpredictable or unexpected problems, as in 'opening up a...can of worms
84.9%
As an idiom: a flimsy structure, arrangement, or situation that is in danger of collapsing or failing; or more literally, you can build one using the 2 of clubs, 3 of hearts, etc..house of cards
84.2%
A nickname for SupermanMan of Steel
81.6%
Nickname for Los AngelesCity of Angels
81.1%
An establishment or museum commemorating a group of people judged outstanding in their sport or profession; e.g. baseball's is located in Cooperstown, NYHall of Fame
80.6%
Bad-tempered character in 'Alice's Adventures in Wonderland' who is fond of issuing death sentences and playing croquet. Queen of Hearts
79.9%
Ponce de León is said to have been searching for this legendary springFountain of Youth
78%
1989 Kevin Costner movie; he plays an Iowa farmer who builds a baseball diamond.Field of Dreams
76.2%
Unsuccessful invasion attempt to overthrow the Cuban government in 1961Bay of Pigs
74.9%
1963 Johnny Cash song; or an area in the Pacific Ocean containing over 75% of the world's active and dormant volcanoesRing of Fire
74.6%
Clue ? of ? % Correct
1998-2007 sitcom set in New York starring Kevin James and Leah Remini(The) King of Queens
73.5%
Name of both a 1953 and a 2005 horror movie; or a museum containing figures in the likenesses of famous people.House of Wax
70.6%
A standard of comparison for describing how much fun something is; or Milton Bradley's game in which you hook the arms of primate figures together into a chainBarrel of Monkeys
70.6%
A heraldic design indicating ancestry unique to a person, family, or state.Coat of Arms
66.5%
The lowest legislative body of the Parliament of the United KingdomHouse of Commons
60.4%
2008 James Bond movie starring Daniel CraigQuantum of Solace
59%
A conjuring trick requiring manual dexterity; a term for a magician's 'quick fingers'sleight of hand
58.1%
In this 'parental' sounding idiom,
'Necessity' is said to be the....
Mother of Invention
55.5%
A non-profit charity that accepts donations of human hair for the purpose of making wigs for needy children who have lost their hair due to a medical conditionLocks of Love
55.5%
Historic castle on the north bank of the River Thames, it is home to the Crown Jewels.Tower of London
54.8%
Massively multiplayer online role-playing game involving quests; players choose to be Orcs, Trolls, Humans or DwarvesWorld of Warcraft
54.6%
The legendary El Dorado was thought to be thisCity of Gold
53.7%
First wife of Henry VIIICatherine of Aragon
49.9%
Steve Harvey, D.L. Hughley, Cedric the Entertainer, and Bernie Mac together are known as 'The Original......Kings of Comedy
43.8%
Remove Ads.
Support Sporcle.
Get the best of Sporcle when you Go Orange. This ad-free experience offers more features, more stats, and more fun while also helping to support Sporcle. Thank you for becoming a member.

You're not logged in!

Compare scores with friends on all Sporcle quizzes.
OR
Log In

Show Comments

Extras

Top Quizzes Today


Score Distribution

Your Account Isn't Verified!

In order to create a playlist on Sporcle, you need to verify the email address you used during registration. Go to your Sporcle Settings to finish the process.

Report this User

Report this user for behavior that violates our Community Guidelines.

Details: